Statystyki dla Flagi Ameryki Południowej

Kliknij tutaj aby rozwiązać quiz!

Ogólne statystyki

  • Ten quiz został rozwiązany 12 398 razy
  • Średni wynik to 11 z 13

Statystyki odpowiedzi

Odpowiedź% Poprawnych
Brazylia
100%
Argentyna
95%
Urugwaj
95%
Chile
94%
Kolumbia
91%
Wenezuela
91%
Peru
85%
Ekwador
83%
Panama
80%
Paragwaj
75%
Boliwia
71%
Gujana
59%
Surinam
52%

Rozkład punktacji

Percentyl według liczby udzielonych odpowiedzi

Procent ludzi z każdym wynikiem

Twoja historia wyników

Nie rozwiązałeś tego quizu